Score 0/100 Timer 15:00
4 Plays Today
Work Surname % Correct
Wuthering HeightsEmily Brontë
92.4%
A Tale Of Two CitiesCharles Dickens
88.1%
1984George Orwell
87.4%
The Adventures Of Huckleberry FinnMark Twain
85.2%
FrankensteinMary Shelley
83.4%
Jane EyreCharlotte Brontë
82.5%
To Kill A MockingbirdHarper Lee
81.9%
The Great GatsbyF. Scott Fitzgerald
81.7%
DraculaBram Stoker
80.7%
Moby DickHerman Melville
75%
Of Mice And MenJohn Steinbeck
74.9%
The Call Of the WildJack London
72.9%
For Whom The Bell TollsErnest Hemingway
71.9%
The Hound Of The BaskervillesArthur Conan Doyle
71.6%
UlyssesJames Joyce
70.5%
CarrieStephen King
69.3%
Little WomenLouisa May Alcott
67.4%
Lord Of The FliesWilliam Golding
67.2%
Heart Of DarknessJoseph Conrad
64.9%
The Scarlet LetterNathaniel Hawthorne
64.9%
The Time MachineH.G. Wells
63.1%
The Picture Of Dorian GrayOscar Wilde
62.3%
LolitaVladimir Nabokov
61.1%
Catch-22Joseph Heller
60.5%
PersuasionJane Austen
58.8%
Gone With The WindMargaret Mitchell
57.6%
Gulliver's TravelsJonathan Swift
53.9%
A Passage To IndiaE.M. Forster
46.9%
A Clockwork OrangeAnthony Burgess
46.2%
RebeccaDaphne Du Maurier
45.8%
The Strange Case Of Dr Jekyll And Mr HydeRobert Louis Stevenson
45.8%
The Last Of The MohicansJames Fenimore Cooper
44.3%
MiddlemarchGeorge Eliot
42.2%
One Flew Over The Cuckoo's NestKen Kesey
41.9%
Work Surname % Correct
The Age Of InnocenceEdith Wharton
41.4%
IvanhoeWalter Scott
40.4%
The RoadCormac McCarthy
40.3%
Tinker, Tailor, Soldier, SpyJohn Le Carre
38.8%
Vanity FairWilliam Thackeray
38.5%
Brideshead RevisitedEvelyn Waugh
38.1%
The Turn Of The ScrewHenry James
36.7%
Women In LoveD.H. Lawrence
34.2%
The Maltese FalconDashiell Hammett
33.6%
The Bonfire Of The VanitiesTom Wolfe
33%
The Woman In WhiteWilkie Collins
31.2%
The Inimitable JeevesP.G. Wodehouse
30.6%
The Return Of The NativeThomas Hardy
29.4%
OrlandoVirginia Woolf
27.4%
Fight ClubChuck Palahniuk
26.5%
The Tenant Of Wildfell HallAnne Brontë
26.4%
Brighton RockGraham Greene
25.6%
Moll FlandersDaniel Defoe
24.6%
Wide Sargasso SeaJean Rhys
24%
I, ClaudiusRobert Graves
23.9%
The History Of Tom JonesHenry Fielding
23.1%
The Remains Of The DayKazuo Ishiguro
22.7%
TrainspottingIrvine Welsh
22.5%
The Prime Of Miss Jean BrodieMuriel Spark
22.3%
The Naked And The DeadNorman Mailer
21.7%
The Thirty-Nine StepsJohn Buchan
21.3%
Lucky JimKingsley Amis
21.1%
Paddy Clarke Ha Ha HaRoddy Doyle
20.6%
Three Men In A BoatJerome K. Jerome
18.2%
The Talented Mr RipleyPatricia Highsmith
17.9%
North And SouthElizabeth Gaskell
17.2%
PossessionA.S. Byatt
17.2%
The French Lieutenant's WomanJohn Fowles
16.8%
Oranges Are Not The Only FruitJeanette Winterson
16.5%
Work Surname % Correct
Cat's EyeMargaret Atwood
16.5%
Tristram ShandyLaurence Sterne
16.2%
Get ShortyElmore Leonard
15.8%
Goodbye To BerlinChristopher Isherwood
14.6%
Mystic RiverDennis Lehane
14.2%
UnderworldDon DeLillo
14%
Farewell My LovelyRaymond Chandler
13.2%
L.A. ConfidentialJames Ellroy
12.3%
RegenerationPat Barker
11.9%
Cold Comfort FarmStella Gibbons
11.8%
ClarissaSamuel Richardson
11.1%
CrashJ.G. Ballard
10.4%
FingersmithSarah Waters
10%
Notes On A ScandalZoe Heller
10%
The True History Of the Kelly GangPeter Carey
8.3%
The WardenAnthony Trollope
7.9%
The Life And Loves Of A She-DevilFay Weldon
7.7%
A History Of The World In 10 1/2 ChaptersJulian Barnes
7.4%
WaterlandGraham Swift
7.2%
The Rotters' ClubJonathan Coe
6.5%
Nice WorkDavid Lodge
5.6%
The Buddha Of SuburbiaHanif Kureishi
5.4%
The Damned UnitedDavid Peace
5.3%
SpiesMichael Frayn
5.2%
The Passion Of New EveAngela Carter
5.1%
A Spy In The House Of LoveAnais Nin
5.1%
The Adventures Of Caleb WilliamsWilliam Godwin
5%
The Adventures Of Peregrine PickleTobias Smollett
4.8%
Master GeorgieBeryl Bainbridge
4.4%
The Romance Of The ForestAnn Radcliffe
4.2%
The QuincunxCharles Palliser
3.2%
Alma CoganGordon Burn
2.9%

You're not logged in!

Compare scores with friends on all Sporcle quizzes.
OR
Log In

Sporcle TV

Today on Sporcle TV


Watch our educational content, quiz creation guides, and fun videos on Sporcle TV.

Show Comments

Extras

Top Quizzes Today


Score Distribution

Paid Content

Your Account Isn't Verified!

In order to create a playlist on Sporcle, you need to verify the email address you used during registration. Go to your Sporcle Settings to finish the process.

Report this User

Report this user for behavior that violates our Community Guidelines.

Details: